Collaborative school reviews how to shape schools from the inside
Saved in:
| Hovedforfatter: | |
|---|---|
| Format: | Bog |
| Sprog: | engelsk |
| Udgivet: |
CORWIN Press
2013
|
| Tags: |
Tilføj Tag
Ingen Tags, Vær først til at tagge denne postø!
|
MARC
| LEADER | 00000nam a22000007a 4500 | ||
|---|---|---|---|
| 008 | 211222b ||||| |||| 00| 0 eng d | ||
| 020 | |a 978-1-452-242958 | ||
| 100 | |a FREEDMAN, Beverley. | ||
| 245 | |a Collaborative school reviews |b how to shape schools from the inside |c Beverley Freedman, Raffaella Di Cecco. |g xiv, 210p.; ill. | ||
| 260 | |b CORWIN Press |c 2013 |h Thousand Oaks, California: |i 692241 - Edu |i 692242 |l LB2822.84 .F89 |m School improvement programs - Ontario - Evaluation |m School management and organization - Ontario - Evaluation. |m Public schools - Ontario - Evaluation. |m Di Cecco, Raffaella. | ||
| 500 | |a “It includes bibliographical references and index”. | ||
| 942 | |a lcc |c BK |e IFATOLA J.O |f 22/12/2021 | ||
| 952 | |0 0 |1 0 |2 lcc |4 0 |6 LB282284 F89 |7 0 |9 4006 |a ED |b HOL |c LP |d 2021-12-22 |l 0 |o LB2822.84 .F89 |p 2021-67730 |r 2021-12-22 00:00:00 |t 692241 - Edu |w 2021-12-22 |y BK | ||
| 952 | |0 0 |1 0 |2 lcc |4 0 |6 LB282284 F89 |7 0 |9 4007 |a HOL |b HOL |c LP |d 2021-12-22 |l 0 |o LB2822.84 .F89 |p 2021-67731 |r 2021-12-22 00:00:00 |t 692242 |w 2021-12-22 |y BK | ||
| 999 | |c 2010 |d 2010 | ||